Multimedia persaraan Dato' Mani Usilappan [

Bibliographic Details
Corporate Author: Institut Penilaian Negara
Format: Book
Published: Putrajaya : Hotel JW Marriot , 2006

MARC

LEADER 00000cam a2200000 7i4500
001 0000023788
005 20111103.0
040 |a INS 
090 0 0 |a VCD 241 
245 0 0 |a Multimedia persaraan Dato' Mani Usilappan [  |h cakera video] 
260 |a Putrajaya :   |b Hotel JW Marriot ,   |c 2006 
300 |a 1 cakera video (5 min.) :   |b by., wrn. ;   |c 4 3/4 in. 
710 1 |a Institut Penilaian Negara 
999 |a VCD0000241   |b VIDEO CD   |c Media Collection   |e Default branch